<?xml version="1.0" encoding="UTF-8"?><?xml-stylesheet type="text/xsl" href="static/style.xsl"?><OAI-PMH xmlns="http://www.openarchives.org/OAI/2.0/" xmlns:xsi="http://www.w3.org/2001/XMLSchema-instance" xsi:schemaLocation="http://www.openarchives.org/OAI/2.0/ http://www.openarchives.org/OAI/2.0/OAI-PMH.xsd"><responseDate>2026-06-04T12:48:10Z</responseDate><request verb="GetRecord" identifier="oai:riuma.uma.es:10630/37324" metadataPrefix="marc">https://riuma.uma.es/rest/oai/request</request><GetRecord><record><header><identifier>oai:riuma.uma.es:10630/37324</identifier><datestamp>2026-05-29T12:28:11Z</datestamp><setSpec>com_10630_2254</setSpec><setSpec>col_10630_37953</setSpec></header><metadata><record xmlns="http://www.loc.gov/MARC21/slim" xmlns:dcterms="http://purl.org/dc/terms/" xmlns:doc="http://www.lyncode.com/xoai" xmlns:xsi="http://www.w3.org/2001/XMLSchema-instance" xsi:schemaLocation="http://www.loc.gov/MARC21/slim http://www.loc.gov/standards/marcxml/schema/MARC21slim.xsd">
   <leader>00925njm 22002777a 4500</leader>
   <datafield ind2=" " ind1=" " tag="042">
      <subfield code="a">dc</subfield>
   </datafield>
   <datafield ind2=" " ind1=" " tag="720">
      <subfield code="a">Pérez-Bravo, Raquel</subfield>
      <subfield code="e">author</subfield>
   </datafield>
   <datafield ind2=" " ind1=" " tag="720">
      <subfield code="a">Koufany, Imane</subfield>
      <subfield code="e">author</subfield>
   </datafield>
   <datafield ind2=" " ind1=" " tag="720">
      <subfield code="a">Cuesta-García, Ana María</subfield>
      <subfield code="e">author</subfield>
   </datafield>
   <datafield ind2=" " ind1=" " tag="720">
      <subfield code="a">Bescher, Eric P.</subfield>
      <subfield code="e">author</subfield>
   </datafield>
   <datafield ind2=" " ind1=" " tag="720">
      <subfield code="a">García-Aranda, Miguel Ángel</subfield>
      <subfield code="e">author</subfield>
   </datafield>
   <datafield ind2=" " ind1=" " tag="720">
      <subfield code="a">Santacruz-Cruz, María Isabel</subfield>
      <subfield code="e">author</subfield>
   </datafield>
   <datafield ind2=" " ind1=" " tag="720">
      <subfield code="a">Gómez-de-la-Torre, María de los  Ángeles</subfield>
      <subfield code="e">author</subfield>
   </datafield>
   <datafield ind2=" " ind1=" " tag="260">
      <subfield code="c">2025</subfield>
   </datafield>
   <datafield ind2=" " ind1=" " tag="520">
      <subfield code="a">The hydration behavior of belite phase in different cements is not well understood. Belite hydrates very slowly but there are&#xd;
reports with faster hydration kinetics. Here, the hydration behavior of belite phase in a commercial belite calcium sulfoalumi-&#xd;
nate (BCSA) cement has been investigated. The BCSA cement was hydrated with two water-to-cement ratios, 0.50 and 0.65&#xd;
and at two temperatures, 20 and 40 °C. Studies of calorimetry, NMR, laboratory X-ray powder diffraction (XRPD), thermal&#xd;
analysis (TA) of the pastes, and mass balance calculations have been performed. The calorimetric and LXRPD studies showed&#xd;
that with sufficient water for the hydration reactions to take place, i.e., w/c = 0.65, the degree of reaction of belite is 30% at&#xd;
7 days and above 60% at 35 days, at 40 °C. The 29 Si and 27 Al MAS-NMR and TA studies confirmed the reactivity of belite&#xd;
under conditions of sufficient water (thermodynamic requirement) and at high temperature (kinetic requirement). This was&#xd;
demonstrated by the presence of stratlingite by 27 Al MAS-NMR and TA. Finally, it was found that ~ 12 mass% of the added&#xd;
water remains unbound, but it is unavailable for the progression of hydration reactions in the studied experimental conditions.</subfield>
   </datafield>
   <datafield ind1="8" ind2=" " tag="024">
      <subfield code="a">R. Pérez-Bravo, I. Koufany, A. Cuesta, E.P. Bescher, M.A.G. Aranda, I. Santacruz, A.G. De la Torre, Reactivity of belite in calcium sulfoaluminate-based cements, Journal of Thermal Analysis and Calorimetry 2025 (2025) 1–12. https://doi.org/10.1007/S10973-024-13933-8.</subfield>
   </datafield>
   <datafield ind1="8" ind2=" " tag="024">
      <subfield code="a">https://hdl.handle.net/10630/37324</subfield>
   </datafield>
   <datafield ind1="8" ind2=" " tag="024">
      <subfield code="a">10.1007/s10973-024-13933-8</subfield>
   </datafield>
   <datafield tag="653" ind2=" " ind1=" ">
      <subfield code="a">Cemento</subfield>
   </datafield>
   <datafield ind2="0" ind1="0" tag="245">
      <subfield code="a">Reactivity of belite in calcium sulfoaluminate‑based cements</subfield>
   </datafield>
</record>
</metadata></record></GetRecord></OAI-PMH>